| 000 | 00354nam a2200145Ia 4500 | ||
|---|---|---|---|
| 008 | 230917s9999||||xx |||||||||||||| ||und|| | ||
| 040 |
_e252031 _aMAIN |
||
| 041 | _aEnglish | ||
| 082 | _a891.2109 M314D | ||
| 100 | _aManjesh Devi | ||
| 245 | 0 | _aDashavtarcharitam ke Vamanavtar ka sahityik adhyayan | |
| 260 | _c2017 | ||
| 300 | _a94 p. | ||
| 942 | _cTH | ||
| 999 |
_c128209 _d128209 |
||